000 00225nam a2200097Ia 4500
008 230508s1998 xx 000 0 und d
041 _aeng
100 _aMAHAJAN S N
245 _aMETROLOGY AND QUALITY CONTROL
260 _c1998
999 _c341251
_d341251